| 000 -CABECERA |
| Longitud fija campo de control |
00655nam a22002057a 4500 |
| 003 - IDENTIFICADOR DEL NÚMERO DE CONTROL |
| Identificador del número de control |
OSt |
| 005 - FECHA Y HORA DE LA ÚLTIMA TRANSACCIÓN |
| Fecha y hora de la última transacción |
20151026134202.0 |
| 008 - CÓDIGOS DE INFORMACIÓN DE LONGITUD FIJA |
| Códigos de información de longitud fija |
130514s1996 sp ||||| |||| 00| 0 spa d |
| 020 ## - NÚMERO INTERNACIONAL NORMALIZADO PARA LIBROS |
| Número Internacional Normalizado para Libros (ISBN) |
8431314478 |
| 024 ## - OTROS IDENTIFICADORES NORMALIZADOS |
| Fuente del número o código |
DL |
| Número normalizado o código |
1.6031996 |
| 040 ## - FUENTE DE LA CATALOGACIÓN |
| Centro transcriptor |
CDMR |
| 100 1# - PUNTO DE ACCESO PRINCIPAL-NOMBRE DE PERSONA |
| 9 (RLIN) |
3417 |
| Nombre de persona |
López Pan, Fernando |
| 245 1# - MENCIÓN DE TÍTULO |
| Título |
La columna periodística |
| Resto del título |
: teoría y práctica : el caso de Hilo Directo |
| Mención de responsabilidad, etc. |
Fernando López Pan |
| 260 ## - PUBLICACIÓN, DISTRIBUCIÓN, ETC. (PIE DE IMPRENTA) |
| Lugar de publicación, distribución, etc. |
Pamplona |
| Nombre del editor, distribuidor, etc. |
Ediciones Universidad de Navarra (EUNSA) |
| Fecha de publicación, distribución, etc. |
DL 1996 |
| 300 ## - DESCRIPCIÓN FÍSICA |
| Extensión |
331 p. |
| 490 ## - MENCIÓN DE SERIE |
| Mención de serie |
Comunicación |
| 650 04 - PUNTO DE ACCESO ADICIONAL DE MATERIA - TÉRMINO DE MATERIA |
| 9 (RLIN) |
3419 |
| Término de materia o nombre geográfico como elemento inicial |
Diaris |
| Subdivisión de materia general |
Seccions, columnes, etc |
| 654 ## - PUNTO DE ACCESO ADICIONAL DE MATERIA - TÉRMINO DE MATERIA FACETADOS |
| 9 (RLIN) |
3772 |
| Término principal |
Periodisme--Manuals d'estil |
| Término no-principal(R) |
Hilo Directo |
| 942 ## - ENTRADA DE ELEMENTOS AGREGADOS (KOHA) |
| Fuente de clasificaión o esquema |
|
| Koha [por defecto] tipo de item |
Monografies |